| 000 | 00581nam a2200145 a 4500 | ||
|---|---|---|---|
| 001 | 000047642 | ||
| 005 | 20201002060643.0 | ||
| 008 | 180706s 000 spa d | ||
| 040 |
_aDO-SdBNP _bspa _cBNPHU |
||
| 245 | 0 |
_aProvincia de Barahona - calidad de vida. : _bestudio socioeconómico de hogares / _cMatilde M. Chávez Bonetti, coordinación general. |
|
| 260 |
_aSanto Domingo, : _bSistema Ùnico de Beneficiarios, SIUBEN, _c[20--]. |
||
| 300 |
_a329 p : _bil ; _c29 cm. |
||
| 590 | _aInventariado, 2020 / DG | ||
| 700 | 0 | 1 |
_aChávez Bonetti, Matilde M. _eCoordinación General _975090 |
| 999 |
_c47130 _d47130 |
||